000 00642ntaaa2200205 4500
003 01
005 20251027202202.0
008 0714s1973 ag 01
040 _aAR-BaBN
_bspa
_cAR-BaBN
_eaacr
_dRIC
082 _a267.2000 Sch7
100 _aSchroeder, Jorge W
_920401
245 _aManual para las uniones varoniles
250 _a1 ed.
260 _aEl Paso :
_bCasa Bautista de Publicaciones,
_cc1954
300 _a147 p
500 _aEjs. 2-10, and 12 (17106, 10053, 3585, 3586, 16426, 4997, 565, 2998, 7313, and 19901)retirado de biblioteca
650 _aeducación religiosa
_94601
650 _aUnions Varoniles
_920402
942 _cBK
999 _c16793
_d16793